000 00456nam a2200181Ia 4500
001 18555
005 20260306171639.0
008 260306s9999||||xx |||||||||||||| ||und||
041 _aESP
082 _a658.408
_bR718
100 _aRaufflet, Emmanuel
_eAUT
245 0 _aResponsabilidad, ética y sostenibilidad empresarial
260 _c2017
300 _axxi, 394 páginas :
_c26 cm.
650 _aGEN
654 _aCAN
942 _cLIB
_dJUS
_fJUS
_2ddc
_n
999 _c18555
_d18555